000 00445nam a2200193Ia 4500
008 220531s9999 xx 000 0 und d
041 _aeng
082 _bORW
100 _aOrwell, G.
_963754
245 _aAnimal Farm
250 _a1ST
260 _aNew Delhi
_bUBSBD
_c2013
300 _a127
542 _d23-06-2015
551 _aEnglish
_bGrantable-ENG
650 _aEnglish
_963755
906 _d2015-2016
999 _c36191
_d36191